Score 0/22 Timer 05:00
4 Plays Today
First Name Last Name % Correct
Lorelai, Rory, Richard, and EmilyGilmore
99.8%
LaneKim
90.1%
ParisGeller
85.5%
Luke and LizDanes
82.3%
Sookie (maiden name)St. James
74.3%
Logan, Mitchum, Honor and ShiraHuntzberger
71.6%
MaxMedina
70%
JessMariano
68%
Professor AsherFleming
61.1%
TaylorDoose
58.1%
MichelGerard
56.5%
First Name Last Name % Correct
ChristopherHayden
56.2%
April and AnnaNardini
52.3%
DeanForester
48.2%
Headmaster HanlinCharleston
47.2%
JacksonBelleville
38.3%
JasonStiles
38.1%
TristinDugray
27.5%
KirkGleason
24.8%
DaveRygalski
23.6%
SherryTinsdale
22.9%
ZackVan Gerbig
19.1%

You're not logged in!

Compare scores with friends on all Sporcle quizzes.
OR
Log In

Sporcle TV

Today on Sporcle TV


Watch our educational content, quiz creation guides, and fun videos on Sporcle TV.

Show Comments

Extras

Top Quizzes Today


Score Distribution

Your Account Isn't Verified!

In order to create a playlist on Sporcle, you need to verify the email address you used during registration. Go to your Sporcle Settings to finish the process.

Report this User

Report this user for behavior that violates our Community Guidelines.

Details: